[Event "Harrogate 4NCL op-B 29th"]
[Site "Harrogate"]
[Date "2023.01.22"]
[Round "4"]
[White "Rida, Ruqayyah"]
[Black "Farahmandpour, Ehsan"]
[Result "1-0"]
[WhiteElo "1786"]
[BlackElo "1638"]
[PlyCount "59"]
[EventDate "2023.01.20"]
[EventType "swiss"]
[EventRounds "5"]
[EventCountry "ENG"]
[SourceTitle "CBM 212 Extra"]
[Source "ChessBase"]
[SourceDate "2023.03.31"]
[SourceVersion "1"]
[SourceVersionDate "2023.03.31"]
[SourceQuality "1"]

1. e4 c6 2. d4 d5 3. Nc3 dxe4 4. Nxe4 Nf6 5. Nxf6+ exf6 6. c3 Bd6 7. Bd3 0-0 8. Qc2 h5 9. Ne2 Re8 10. Be3 h4 11. 0-0-0 Be6 12. Kb1 Qa5 13. c4 c5 14. d5 Bd7 15. Nc3 Na6 16. Ne4 Be5 17. Bd2 Qb6 18. Bc3 Ba4 19. Qxa4 f5 20. Rhe1 fxe4 21. Rxe4 Qf6 22. f4 b5 23. fxe5 Qg6 24. cxb5 Nc7 25. Rg4 Qh5 26. e6 Nxd5 27. Rxg7+ Kf8 28. Rxf7+ Kg8 29. Rg7+ Kh8 30. Rh7+ 1-0

[Event "Harrogate 4NCL op-B 29th"]
[Site "Harrogate"]
[Date "2023.01.21"]
[Round "2"]
[White "Lawrence, Spencer"]
[Black "Farahmandpour, Ehsan"]
[Result "0-1"]
[WhiteElo "1774"]
[BlackElo "1638"]
[PlyCount "132"]
[EventDate "2023.01.20"]
[EventType "swiss"]
[EventRounds "5"]
[EventCountry "ENG"]
[SourceTitle "CBM 212 Extra"]
[Source "ChessBase"]
[SourceDate "2023.03.31"]
[SourceVersion "1"]
[SourceVersionDate "2023.03.31"]
[SourceQuality "1"]

1. d4 d5 2. Nf3 Nf6 3. g3 h6 4. Bg2 Bf5 5. c4 c6 6. Qb3 Qb6 7. c5 Qa5+ 8. Bd2 Qa6 9. Bf1 b5 10. cxb6 Qxb6 11. Nc3 Qxb3 12. axb3 e6 13. Bf4 Nbd7 14. e3 a5 15. Nd2 Be7 16. f3 0-0 17. g4 Bh7 18. h4 c5 19. Be5 cxd4 20. exd4 Nxe5 21. dxe5 Nd7 22. f4 Rfb8 23. Rc1 Nc5 24. Nb5 Ne4 25. Nxe4 Bxe4 26. Rh3 Rc8 27. Rhc3 Bb4 28. Nd6 Bxc3+ 29. bxc3 Rcb8 30. Nxe4 dxe4 31. Bg2 Rxb3 32. Bxe4 Ra7 33. c4 a4 34. Bc2 Rc3 35. Bh7+ Kxh7 36. Rxc3 a3 37. Rc1 a2 38. Ra1 f6 39. exf6 gxf6 40. Kd2 Kg6 41. h5+ Kf7 42. Kc3 e5 43. f5 Ke7 44. Kb2 e4 45. Kc3 e3 46. Kd3 Ra3+ 47. Ke2 Kd6 48. Kf3 Ke5 49. Ke2 Kf4 50. c5 Kxg4 51. c6 Kxh5 52. c7 Rc3 53. Rxa2 Rxc7 54. Kxe3 Kg5 55. Rh2 Re7+ 56. Kd4 Re5 57. Rg2+ Kxf5 58. Rf2+ Kg6 59. Rg2+ Rg5 60. Ra2 h5 61. Ke4 Rg4+ 62. Kf3 Kg5 63. Ra5+ f5 64. Ra8 Rf4+ 65. Kg3 h4+ 66. Kg2 Rg4+ 0-1

[Event "Hammersmith CC op U2000"]
[Site "London"]
[Date "2022.06.05"]
[Round "4"]
[White "Clery, Liam"]
[Black "Farahmandpour, Ehsan"]
[Result "1-0"]
[WhiteElo "1464"]
[BlackElo "1687"]
[PlyCount "57"]
[EventDate "2022.06.04"]
[EventType "swiss"]
[EventRounds "5"]
[EventCountry "ENG"]
[SourceTitle "CBM 208 Extra"]
[Source "ChessBase"]
[SourceDate "2022.07.31"]
[SourceVersion "1"]
[SourceVersionDate "2022.07.31"]
[SourceQuality "1"]

1. e4 c6 2. d4 d5 3. Nc3 dxe4 4. Nxe4 Nf6 5. Nxf6+ exf6 6. Nf3 Bd6 7. c3 0-0 8. Bd3 Re8+ 9. Be3 Nd7 10. Qc2 Nf8 11. 0-0-0 b5 12. d5 b4 13. dxc6 Qc7 14. Nd4 bxc3 15. Nb5 Qxc6 16. Nxd6 Be6 17. Bb5 cxb2+ 18. Kxb2 Qxg2 19. Nxe8 Qb7 20. Qc6 Qb8 21. Nc7 a6 22. Qxa8 Qxc7 23. Rd8 Qe5+ 24. Bd4 Qxb5+ 25. Ka1 g6 26. Bxf6 Qc5 27. Rxf8+ Qxf8 28. Qxf8+ Kxf8 29. Rd1 1-0

[Event "Harrogate 4NCL op-B 27th"]
[Site "Harrogate"]
[Date "2022.01.23"]
[Round "5"]
[White "Farahmandpour, Ehsan"]
[Black "Sloan, Cecil"]
[Result "0-1"]
[WhiteElo "1702"]
[BlackElo "1707"]
[PlyCount "56"]
[EventDate "2022.01.21"]
[EventType "swiss"]
[EventRounds "5"]
[EventCountry "ENG"]
[SourceTitle "CBM 206 Extra"]
[Source "ChessBase"]
[SourceDate "2022.03.31"]
[SourceVersion "1"]
[SourceVersionDate "2022.03.31"]
[SourceQuality "1"]

1. d4 Nf6 2. Bf4 c5 3. d5 Qb6 4. Nc3 a6 5. e4 d6 6. Bd2 e5 7. Bd3 Be7 8. f4 Bg4 9. Nf3 Nbd7 10. b3 0-0 11. h3 Bxf3 12. gxf3 Nh5 13. Rg1 c4 14. Rg4 cxd3 15. cxd3 Ndf6 16. Rg2 Nxf4 17. Bxf4 exf4 18. Kd2 Qe3+ 19. Kc2 Rac8 20. Kb2 Qd4 21. Qd2 Nh5 22. Rc1 Bf6 23. Rg4 Rc7 24. Rxf4 Nxf4 25. Qxf4 Rxc3 26. Rh1 Rxd3+ 27. Ka3 Qc5+ 28. Ka4 Rd4+ 0-1

[Event "Harrogate 4NCL op-B 27th"]
[Site "Harrogate"]
[Date "2022.01.22"]
[Round "3"]
[White "Dean, Robert A"]
[Black "Farahmandpour, Ehsan"]
[Result "1-0"]
[WhiteElo "1865"]
[BlackElo "1702"]
[PlyCount "97"]
[EventDate "2022.01.21"]
[EventType "swiss"]
[EventRounds "5"]
[EventCountry "ENG"]
[SourceTitle "CBM 206 Extra"]
[Source "ChessBase"]
[SourceDate "2022.03.31"]
[SourceVersion "1"]
[SourceVersionDate "2022.03.31"]
[SourceQuality "1"]

1. e4 d5 2. exd5 Qxd5 3. Nc3 Qd8 4. d4 Nf6 5. Be2 c6 6. Nf3 Bg4 7. 0-0 e6 8. h3 Bxf3 9. Bxf3 Nbd7 10. Re1 Be7 11. Bf4 0-0 12. a3 Nd5 13. Nxd5 cxd5 14. Qe2 Bf6 15. c3 a6 16. Rad1 b5 17. Qd2 Nb6 18. Be2 Rc8 19. g4 h6 20. Bd3 Bg5 21. Bxg5 Qxg5 22. Qxg5 hxg5 23. Re5 Nd7 24. Rxg5 g6 25. h4 Kg7 26. h5 Kf6 27. f4 gxh5 28. Rxh5 Rh8 29. Rxh8 Rxh8 30. Rd2 Nb6 31. Kg2 Nc8 32. Rd1 Nd6 33. Rh1 Rxh1 34. Kxh1 Kg7 35. Kg2 a5 36. b3 f5 37. g5 Kg6 38. Kf3 Ne4 39. Bxe4 fxe4+ 40. Kg4 a4 41. bxa4 bxa4 42. Kg3 Kf5 43. Kf2 Kg6 44. Ke2 Kf5 45. Ke3 Kg6 46. c4 dxc4 47. Kxe4 Kf7 48. Ke3 Ke7 49. Kd2 1-0